000 00291nam a2200109Ia 4500
008 160531s9999 xx 000 0 und d
100 _aEkinci, Deniz.
245 _aBiochemistry
245 _cEdited by Deniz Ekinci
260 _c2012
856 _uhttp://www.intechopen.com/books/biochemistry
999 _c295436
_d295436